| 000 | 00744nam a22002297a 4500 | ||
|---|---|---|---|
| 003 | 0 | ||
| 005 | 20260126170327.0 | ||
| 008 | 260126b xxu||||| |||| 00| 0 eng d | ||
| 020 | _a978-1-265-12600-1 | ||
| 050 |
_aQR 46 _b.L48 2024 |
||
| 245 |
_aLevinson's review of medical microbiology & immunology : _ba guide to clinical infectious diseases / _cPeter Chin-Hong and 6 others. |
||
| 250 | _aEighteenth edition. | ||
| 260 |
_aNew York : _bMcGraw Hill LLC, _c2024. |
||
| 300 |
_aix, 843 pages : _bcolored illustrations ; _c28 cm. |
||
| 500 | _aLange medical book | ||
| 504 | _aIncludes index. | ||
| 650 | _aMedical microbiology. | ||
| 650 | _aClinical immunology. | ||
| 650 | _aMicrobiology. | ||
| 650 | _aImmunology. | ||
| 942 |
_2lcc _cBK |
||
| 999 |
_c368774 _d368774 |
||